| 000 | 00424nam a22001697a 4500 | ||
|---|---|---|---|
| 003 | MACL | ||
| 005 | 20151226115746.0 | ||
| 008 | 151226b xxu||||| |||| 00| 0 eng d | ||
| 040 | _cMACL | ||
| 041 | _aEnglish | ||
| 082 | _a080/NAM | ||
| 100 |
_aNamdar Saurabh _922719 |
||
| 245 | _aThe Foundations Of Personality Development | ||
| 260 |
_aNew Delhi _bPearls Books _c2010 |
||
| 650 |
_aMotivation _917135 |
||
| 942 |
_2ddc _cBK |
||
| 999 |
_c51851 _d51851 |
||